000 00740cam a2200229 a 4500
001 3069454
005 20250130144157.0
008 970304s1997 paua b 001 0 eng c
020 _a9780803602670
050 0 0 _aRC65
_b.C68 1997
082 0 0 _a616.07/51
_221
100 1 _aCoulehan, John L.,
_d1943-
245 1 4 _aThe medical interview :
_bmastering skills for clinical practice /
_cJohn L. Coulehan, Marian R. Block.
250 _a3rd ed.
260 _aPhiladelphia :
_bF. A. Davis Company,
_cc1997.
300 _axxi, 287 p. :
_bill. ;
_c24 cm.
650 0 _aMedical history taking.
650 1 2 _aMedical History Taking.
650 2 2 _aPhysician-Patient Relations.
700 1 _aBlock, Marian R.,
_d1947-
942 _2lcc
_cBK
_e3rd ed.
_n0
999 _c3257
_d3257